000 00377nam a22001697a 4500
005 20160615092659.0
008 160615b xxu||||| |||| 00| 0 eng d
020 _a81-203-0193-5
041 _aeng
082 _b7617
100 _aEtzioni, Amitai
_9334
245 _aModern Organizations
260 _bPHI
_c2003
300 _a116
650 _aManagement
_9241
942 _cBK
999 _c2721
_d2720